Eric Owen Moss. (Record no. 352436)

000 -LEADER
fixed length control field 01021 a2200277 4500
003 - CONTROL NUMBER IDENTIFIER
control field OSt
005 - DATE AND TIME OF LATEST TRANSACTION
control field 20260129104631.0
008 - FIXED-LENGTH DATA ELEMENTS--GENERAL INFORMATION
fixed length control field 120308t xxu||||| |||| 00| 0 eng d
010 ## - LIBRARY OF CONGRESS CONTROL NUMBER
LC control number 94131121
020 ## - INTERNATIONAL STANDARD BOOK NUMBER
International Standard Book Number 1854901893 (HB)
020 ## - INTERNATIONAL STANDARD BOOK NUMBER
International Standard Book Number 1854901907 (PB)
035 ## - SYSTEM CONTROL NUMBER
System control number (OCoLC)28703552
040 ## - CATALOGING SOURCE
Transcribing agency 0
082 00 - DEWEY DECIMAL CLASSIFICATION NUMBER
Classification number 720.92
100 1# - MAIN ENTRY--PERSONAL NAME
Personal name Moss, Eric Owen,
9 (RLIN) 32588
245 10 - TITLE STATEMENT
Title Eric Owen Moss.
260 ## - PUBLICATION, DISTRIBUTION, ETC.
Place of publication, distribution, etc. London :
Name of publisher, distributor, etc. Academy Editions ;
Place of publication, distribution, etc. Berlin :
Name of publisher, distributor, etc. Ernst & Sohn ;
Place of publication, distribution, etc. New York, NY :
Name of publisher, distributor, etc. Distributed to the trade in the U.S.A. by St. Martin's Press,
Date of publication, distribution, etc. 1993.
300 ## - PHYSICAL DESCRIPTION
Extent 144 p. :
Other physical details ill. (some col.) ;
Dimensions 32 cm.
490 1# - SERIES STATEMENT
Series statement Architectural monographs,
International Standard Serial Number 0141-2191 ;
Volume/sequential designation no. 29
500 ## - GENERAL NOTE
General note Includes index
600 10 - SUBJECT ADDED ENTRY--PERSONAL NAME
Personal name Moss, Eric Owen,
Dates associated with a name 1943-
General subdivision Themes, motives.
9 (RLIN) 32589
650 #0 - SUBJECT ADDED ENTRY--TOPICAL TERM
Topical term or geographic name entry element Architecture
Geographic subdivision United States
General subdivision History
Chronological subdivision 20th century.
9 (RLIN) 32294
830 #0 - SERIES ADDED ENTRY--UNIFORM TITLE
Uniform title Architectural monographs (London, England) ;
9 (RLIN) 32487
942 ## - ADDED ENTRY ELEMENTS (KOHA)
Institution code [OBSOLETE] SADA
Koha item type Book
Call number prefix 720.92 MOS 1993
Source of classification or shelving scheme
Holdings
Withdrawn status Lost status Source of classification or shelving scheme Damaged status Not for loan Permanent Location Current Location Date acquired Total Checkouts Full call number Barcode Date last seen Date last checked out Cost, replacement price Price effective from Koha item type
          School of Art Design and Architecture (SADA) School of Art Design and Architecture (SADA) 09/29/2010 2 720.92 MOS 1993 SADA0000260 06/29/2012 06/29/2012 11278.00 08/05/2011 Book
© 2023 Central Library, National University of Sciences and Technology. All Rights Reserved.